| 000 | 00743nam a22001697a 4500 | ||
|---|---|---|---|
| 999 |
_c64153 _d64153 |
||
| 003 | Ge_BSU | ||
| 005 | 20260422111727.0 | ||
| 008 | 260422s1976 ge ||||| |||| 00| 0 geo d | ||
| 041 | _ageo | ||
| 080 | _a338.512 ს-92 | ||
| 100 |
_aსულთანიშვილი, შ. _927351 |
||
| 245 |
_aპროდუქციის თვითღირებულება და მისი შემცირების გზები / _cშ. სულთანიშვილი. |
||
| 264 |
_aთბილისი : _bსაბჭ. საქართველო, _c1976. |
||
| 300 |
_a177 გვ. ; _b 20 სმ. |
||
| 653 | _aპროდუქციის თვითღირებულება | ||
| 942 |
_2udc _cᲬᲘᲒᲜᲘ |
||